Text als Medium der Informationsvermittlung. Eine Studie zur Textsorte "didaktisch angelegter fachsprachlicher Text" unter Berücksichtigung pragmasyntaktischer Ansätze
Skúmanie špecifického typu textu, tzv. „didakticky zameraný vedecký text“ s prihliadnutím na autorsko-textovú perspektívu. Objasnenie dvoch pragma-syntaktických pojmov (Pozornosť - informačný tok a Gramatika scén a scenárov). Tabuľka atribútov typov textu a ich vplyv na proces tvorby textu z hľadisk...
Salvato in:
| Autore principale: | |
|---|---|
| Natura: | Capitolo di libro |
| Lingua: | tedesco |
| Soggetti: | |
| Tags: |
Nessun Tag, puoi essere il primo ad aggiungerne!!
|
MARC
| LEADER | 00000naa a2200000 4500 | ||
|---|---|---|---|
| 001 | 0256051 | ||
| 005 | 20240502083728.2 | ||
| 041 | 0 | |a ger | |
| 044 | |a CZ | ||
| 245 | 1 | 0 | |a Text als Medium der Informationsvermittlung. Eine Studie zur Textsorte "didaktisch angelegter fachsprachlicher Text" unter Berücksichtigung pragmasyntaktischer Ansätze |c Zuzana Tuhárska |
| 520 | |a Skúmanie špecifického typu textu, tzv. „didakticky zameraný vedecký text“ s prihliadnutím na autorsko-textovú perspektívu. Objasnenie dvoch pragma-syntaktických pojmov (Pozornosť - informačný tok a Gramatika scén a scenárov). Tabuľka atribútov typov textu a ich vplyv na proces tvorby textu z hľadiska efektívneho sprostredkovania informácií. | ||
| 610 | 2 | 0 | |a jazyky cudzie |
| 610 | 2 | 0 | |a informácie |
| 610 | 2 | 0 | |a jazykoveda |
| 610 | 2 | 0 | |a didaktika |
| 100 | 1 | |a Tuhárska, Zuzana, 1977- | |